[Event "Wch U20 Girls"]
[Site "Medellin"]
[Date "1996.??.??"]
[Round "5"]
[White "Peptan, Corina"]
[Black "Xu Yuhua"]
[Result "1/2-1/2"]
[WhiteElo "2395"]
[BlackElo "2275"]

1.e4 c5 2.Nc3 Nc6 3.Nge2 g6 4.d4 cxd4 5.Nxd4 Bg7 6.Be3 d6 7.Bc4 Nf6 8.h3 O-O
9.Bb3 Bd7 10.O-O a6 11.f4 Qc7 12.Nf3 b5 13.a3 e6 14.Qd2 Na5 15.Ba2 Bc6 16.e5 dxe5
17.Nxe5 Ne4 18.Nxe4 Bxe4 19.Rac1 Nc6 20.Nxc6 Qxc6 21.c4 Rad8 22.Qf2 a5 23.Rfe1 b4
24.axb4 axb4 25.Bb3 Rd7 26.c5 Rfd8 27.Kh2 h5 28.Ra1 Ra8 29.Red1 Rxa1 30.Rxa1 Qb7
31.Bc4 Bd3 32.Bxd3 Rxd3 33.Rc1 Qc6 34.Rc2 Bf6 35.Rd2 Rd5 36.Rxd5 Qxd5 37.Qd2 Qe4
38.c6 Qxc6 39.Qxb4 Qc7 40.b3 e5 41.Qe4 exf4 42.Bxf4 Qb6 43.b4 Qb5 44.Bd6 Kg7
45.Qe3 Qf1 46.Qe8 Bg5 47.Be5+ f6 48.Qe7+ Kh6 49.Qf8+ Kh7 50.Qe7+ Kh6 51.Bd6 Bf4+
52.Bxf4+ Qxf4+ 53.Kg1 Qc1+ 54.Kf2 Qf4+ 55.Ke2 Qc4+ 56.Ke3 Qc1+ 57.Ke2 Qc4+
58.Ke3 Qc1+ 59.Kd3 Qd1+ 60.Kc3 Qc1+ 61.Kd3  1/2-1/2

[Event "Wch U20 Girls"]
[Site "Medellin"]
[Date "1996.??.??"]
[Round "6"]
[White "Skripchenko, Almira"]
[Black "Peptan, Corina"]
[Result "1/2-1/2"]
[WhiteElo "2370"]
[BlackElo "2395"]

1.e4 c5 2.Nc3 Nc6 3.Nf3 Nf6 4.d4 cxd4 5.Nxd4 d6 6.Bg5 e6 7.Qd2 Be7 8.O-O-O Nxd4
9.Qxd4 O-O 10.f4 Qa5 11.Bd3 e5 12.Qe3 exf4 13.Bxf4 Be6 14.Kb1 Ng4 15.Qd2 Qb6
16.h3 Ne5 17.Bxe5 dxe5 18.Nd5 Bxd5 19.exd5 Rac8 20.Qe2 g6 21.g4 Ba3 22.b3 Rfe8
23.Rhf1 Re7 24.Qe4 Qa5 25.c4 b5 26.d6 Bxd6 27.cxb5 Ba3 28.Bc4 Qc3 29.Qc2 Qxc2+
30.Kxc2 Kg7 31.Kd3 e4+ 32.Ke2 Rcc7 33.Rd5 Rcd7 34.Rfd1 Rxd5 35.Rxd5 f6 36.Ke3 Bc1+
37.Ke2 Bf4 38.a4 Be5 39.a5 f5 40.gxf5 gxf5 41.b6 axb6 42.a6 Kf6 43.Rd8 b5
44.Rf8+ Kg5 45.Bxb5 f4 46.Bc6 Bd6 47.Rd8 f3+ 48.Kf1 Bg3 49.Rd4 Rc7 50.Rc4 Rxc6
51.Rxc6 e3 52.Re6 e2+ 53.Rxe2 fxe2+ 54.Kxe2 Bb8 55.Kf3 Kf5 56.b4 Ba7 57.b5 Bb6
58.Kg3 h5 59.Kh4 Kg6 60.Kg3 Kg5 61.Kf3 Kf5 62.Kg3 Bc7+ 63.Kf3  1/2-1/2

[Event "Wch U20 Girls"]
[Site "Medellin"]
[Date "1996.??.??"]
[Round "8"]
[White "Ptacnikova, Lenka"]
[Black "Xu Yuhua"]
[Result "1/2-1/2"]
[WhiteElo "2210"]
[BlackElo "2275"]

1.e4 c5 2.Nc3 Nc6 3.Nf3 g6 4.d4 cxd4 5.Nxd4 Bg7 6.Be3 d6 7.Qd2 Nf6 8.f3 O-O
9.O-O-O d5 10.Qe1 e5 11.Nxc6 bxc6 12.exd5 Nxd5 13.Bc4 Be6 14.Ne4 Qc7 15.Bc5 Rfd8
16.g4 h6 17.h4 a5 18.a4 f5 19.gxf5 gxf5 20.Ng3 Qf7 21.Rg1 Kh7 22.Ne2 Bf6
23.Qf2 Rd7 24.Bxd5 Rxd5 25.Rxd5 Bxd5 26.f4 Rg8 27.Rxg8 Kxg8 28.fxe5 Bxe5
29.Nf4 Be4 30.Bd4 Bd6 31.Qg3+ Kh7 32.h5 Be7 33.Qg6+ Qxg6 34.hxg6+ Kg8 35.Nh5 c5
36.Bc3 Bc6 37.b3 c4 38.Nf6+ Bxf6 39.Bxf6 f4 40.Bc3 f3 41.Kd2 cxb3 42.cxb3 Bd5
43.Ke3 Bxb3 44.Kxf3  1/2-1/2

[Event "Meisdorf op"]
[Site "Meisdorf"]
[Date "1996.??.??"]
[Round "?"]
[White "Votava, Jan"]
[Black "Rausis, Igors"]
[Result "1/2-1/2"]
[WhiteElo "2540"]
[BlackElo "2490"]

1.e4 c5 2.Nf3 Nc6 3.Nc3 g6 4.d4 cxd4 5.Nxd4 Bg7 6.Be3 Nf6 7.Bc4 O-O 8.Bb3 d6
9.h3 Na5 10.O-O b6 11.Re1 Bb7 12.Bg5 h6 13.Bh4 a6 14.Nd5 e6 15.Nxf6+ Bxf6
16.Bg3 e5 17.Nf3 Nxb3 18.axb3 Qc7 19.Nd2 b5 20.Nb1 b4 21.Nd2 Rfd8 22.Nc4 h5
23.f3 d5 24.exd5 Rxd5 25.Qe2 Re8 26.Rad1 h4 27.Bf2 e4 28.Rxd5 Bxd5 29.Nb6 Bb7
30.Qc4 Qxc4 31.Nxc4  1/2-1/2

[Event "Melbourne Masters"]
[Site "Melbourne"]
[Date "1996.??.??"]
[Round "11"]
[White "Johansen, Darryl K"]
[Black "Khoze, Eduard"]
[Result "1-0"]
[WhiteElo "2510"]
[BlackElo "2160"]

1.e4 c5 2.Nc3 Nc6 3.Nf3 d6 4.d4 cxd4 5.Nxd4 Nf6 6.f4 e6 7.Be3 Be7 8.Qf3 Bd7
9.O-O-O a6 10.g4 h6 11.g5 hxg5 12.Nxc6 Bxc6 13.fxg5 Nd7 14.g6 f5 15.Bd4 Nf6
16.Bd3 Rh4 17.Qf2 Nxe4 18.Bxe4 Bxe4 19.Nxe4 Rxe4 20.Bxg7 Bg5+ 21.Kb1 Qe7
22.Bc3 O-O-O 23.Ba5 Rg8 24.Qa7 Rxg6 25.Rd3 Bf6 26.Qa8+ Kd7 27.Rb3 b5 28.Qxa6 Re5
29.Rc3 Rc5 30.Rxc5 dxc5 31.Qxb5+ Kc8 32.Rd1 Bd4 33.c3 Rg1 34.Qe2 Rxd1+ 35.Qxd1 Be3
36.Qf3 f4 37.Qe4 e5 38.a4 Kb8 39.c4 Kc8 40.Bc3 Bd4 41.Qa8+ Kd7 42.Qb7+ Ke6
43.Qd5+ Kf5 44.a5 Bxc3 45.bxc3 Qa7 46.Qd3+ Kf6 47.Qd8+ Kf5 48.Kc2 f3 49.Kd3 Qb7
50.Qf8+ Kg4 51.Ke3 Qc6 52.Qg7+ Kf5 53.Qh7+ Kg4 54.Qg8+ Kf5 55.Qf8+ Kg4 56.a6 Qxa6
57.Qxf3+ Kg5 58.Qd5 Kf5 59.Qf7+ Kg5 60.Qg7+ Kf5 61.Qf7+ Kg5 62.Ke4 Qa2 63.Qf5+ Kh6
64.Qh3+ Kg5 65.Qg3+ Kh6 66.Kxe5 Qe2+ 67.Kf5 Qc2+ 68.Kf6  1-0

[Event "Wch U18 Girls"]
[Site "Menorca"]
[Date "1996.??.??"]
[Round "4"]
[White "Esaibekian, Milena"]
[Black "Kuang Yinghui"]
[Result "0-1"]
[WhiteElo "2135"]
[BlackElo "2115"]

1.e4 c5 2.Nf3 Nc6 3.Nc3 e5 4.Bc4 d6 5.d3 Be7 6.O-O Bg4 7.h3 Bh5 8.Nd5 h6
9.c3 Nf6 10.Ne3 Qd7 11.a3 O-O 12.Kh2 Nh7 13.Nxe5 Nxe5 14.Qxh5 Nxc4 15.Nxc4 f5
16.Ne3 fxe4 17.dxe4 Bg5 18.Nd5 Rae8 19.Bxg5 Nxg5 20.f3 Rf7 21.Rfd1 Qb5 22.Rd2 Ref8
23.a4 Qe8 24.Kh1 Nxe4 25.Ne7+ Qxe7 26.fxe4 Qxe4 27.Qd5 Qh4 28.Qxd6 b6 29.Re2 Rf6
30.Qd5+ Kh8 31.Kg1 Rf5 32.Qe4 Rf4 33.Qg6 Rxa4 34.Rae1 Qf6 35.Qxf6 Rxf6 36.Re8+ Kh7
37.Ra8 Ra2 38.Re2 h5 39.Rd8 h4 40.Re4 Rxb2 41.Rxh4+ Rh6 42.Rg4 a5 43.Rd5 Rf6
44.Rdg5 g6 45.h4 Kh6 46.Kh2 Rbf2 47.Rg3 R2f5 48.Kh3 b5 49.R5g4 a4 50.Rd3 a3
51.Rd7 Rf4 52.Rg5 a2  0-1

[Event "Wch U18"]
[Site "Menorca"]
[Date "1996.??.??"]
[Round "6"]
[White "Kasimdzhanov, Rustam"]
[Black "Avrukh, Boris"]
[Result "1/2-1/2"]
[WhiteElo "2435"]
[BlackElo "2500"]

1.e4 c5 2.Nc3 Nc6 3.Nf3 d6 4.d4 cxd4 5.Nxd4 Nf6 6.Bg5 e6 7.Qd2 a6 8.O-O-O h6
9.Be3 Be7 10.f3 Nxd4 11.Bxd4 b5 12.Kb1 Rb8 13.Bd3 b4 14.Ne2 e5 15.Ba7 Rb7
16.Bf2 Be6 17.Nc1 a5 18.g4 Nd7 19.h4 Qc7 20.Qe2 Rb8 21.Rdg1 g6 22.Rd1 Kf8
23.Nb3 Kg7 24.Nd2 Rhc8 25.b3 a4 26.Bc4 Ra8 27.Qd3 axb3 28.cxb3 Qa5 29.Qc2 Nf6
30.g5 hxg5 31.hxg5 Nh5 32.Qb2 Qa3 33.Qxa3 Rxa3 34.Bxe6 fxe6 35.Rc1 Rca8 36.Rc2 d5
37.Re1 Bxg5 38.exd5 exd5 39.Rxe5 Bf6 40.Rxd5 Nf4 41.Rd7+ Kg8 42.Ne4 Rxb3+
43.Kc1 Bc3 44.Bg3 Ne6 45.Re7 Ng7 46.Be5 Nf5 47.Nxc3 bxc3 48.Re6 Nh4 49.Bxc3 Rxa2
50.Rxa2 Rxc3+ 51.Kd2 Rxf3 52.Ra4 g5  1/2-1/2

[Event "Wch U18 Girls"]
[Site "Menorca"]
[Date "1996.??.??"]
[Round "10"]
[White "Lakos, Nikoletta"]
[Black "Peptan, Corina"]
[Result "0-1"]
[WhiteElo "2280"]
[BlackElo "2395"]

1.e4 c5 2.Nc3 Nc6 3.Nf3 d6 4.d4 cxd4 5.Nxd4 Nf6 6.Bc4 e6 7.Be3 a6 8.Qe2 Qc7
9.Rg1 Na5 10.Bb3 b5 11.f3 g6 12.Bg5 Bg7 13.O-O-O O-O 14.f4 Nxb3+ 15.axb3 b4
16.Na4 Bb7 17.Bxf6 Bxf6 18.Nf3 Rac8 19.Kb1 Bc6 20.Rge1 Rfd8 21.Nd4 Bb5 22.Qf2 Rb8
23.g4 e5 24.g5 Bg7 25.fxe5 Bxe5 26.Re3 Bd7 27.Red3 Rdc8 28.Rf1 Bb5 29.Nf3 Bg7
30.Ne1 Re8 31.Rh1 Bxd3 32.cxd3 Qc6 33.Ng2 Qb5 34.Qd2 d5 35.exd5 Qxd5 36.Ka2 Red8
37.Rd1 Qd4 38.Nf4 Rbc8 39.Ne2 Qf2  0-1

[Event "Metz op"]
[Site "Metz"]
[Date "1996.??.??"]
[Round "?"]
[White "Kogan, Artur"]
[Black "Munschi, Serge"]
[Result "1-0"]
[WhiteElo "2485"]
[BlackElo "2290"]

1.e4 c5 2.Nf3 Nc6 3.Nc3 d6 4.g3 g6 5.Bg2 Bg7 6.d3 Nf6 7.Be3 Rb8 8.O-O O-O
9.h3 b5 10.e5 Nxe5 11.Nxe5 dxe5 12.Bxc5 Qc7 13.b4 a5 14.Qd2 Rd8 15.a4 bxa4
16.Rxa4 axb4 17.Bxb4 Rd4 18.Ne2 Bd7 19.Nxd4 Bxa4 20.Ra1 Be8 21.Nb3 Rc8 22.Bc5 Bc6
23.Ra7 Qb8 24.Bxc6 Rxc6 25.Qa5 Bf8 26.Bxe7 Qe8 27.Bxf8 Kxf8 28.Ra8 Rc8 29.Rxc8 Qxc8
30.Qxe5 Qxc2 31.Nc5 Kg8 32.d4 Qb1+ 33.Kh2 Qb6 34.Nd3 Qd8 35.Nf4 h6 36.g4 Nd7
37.Qd6 Qf6 38.Qxd7 Qxf4+ 39.Kg1 Qf3 40.Qe7 Kg7 41.Qe3 Qd1+ 42.Kg2 h5 43.Qe5+ Kf8
44.gxh5 gxh5 45.d5 Qc2 46.Qxh5 Ke7 47.Qe5+ Kd7 48.h4 Qg6+ 49.Kh2 Qg4 50.Qf6 Qh5
51.d6 Kc6 52.Kg3  1-0

[Event "Metz op"]
[Site "Metz"]
[Date "1996.??.??"]
[Round "?"]
[White "Djuric, Stefan"]
[Black "Bauer, Christian"]
[Result "1/2-1/2"]
[WhiteElo "2515"]
[BlackElo "2430"]

1.e4 c5 2.Nf3 Nc6 3.Nc3 g6 4.d4 cxd4 5.Nxd4 Bg7 6.Nde2 d6 7.h3 Nf6 8.g3 Bd7
9.Bg2 Qc8 10.Nf4 Rb8 11.a4 Nb4 12.a5 Qc4 13.Bf1 Qc8 14.Bg2 Qc4 15.Bf1 Qc8
16.Bg2 Qc4  1/2-1/2

[Event "Metz op"]
[Site "Metz"]
[Date "1996.??.??"]
[Round "?"]
[White "Mitkov, Nikola"]
[Black "Haik, Aldo"]
[Result "1/2-1/2"]
[WhiteElo "2475"]
[BlackElo "2440"]

1.e4 c5 2.Nc3 Nc6 3.Nf3 e5 4.Bc4 g6 5.d3 h6 6.O-O Bg7 7.Ne1 d6 8.f4 Nf6 9.Nf3 O-O
10.fxe5 Nxe5 11.Nxe5 dxe5 12.Qf3 Kh7 13.Qf2 Ng4 14.Qe1 f5 15.h3 Nf6 16.exf5 gxf5
17.Be3 b6 18.Bf2 Qd6 19.a4 Bb7 20.Qe2 Rae8 21.Kh1 Nd5 22.Nxd5 Bxd5 23.Bxd5 Qxd5
24.Rad1 Re6 25.b3 Qc6 26.Be1 Rg6 27.Rf3 Bh8 28.Rd2 Qe6 29.Qf1 Rgf6 30.Rdf2 e4
31.dxe4 fxe4 32.Rxf6 Rxf6 33.Rxf6 Bxf6 34.Bg3 e3 35.Qe2 Bd4 36.Kg1 Qf5 37.Be1 Qe4
38.Kh1 Kg7 39.Kg1 Kg6 40.Kf1 Qf5+ 41.Kg1 Qe4 42.Kf1 Qf5+  1/2-1/2

[Event "Metz op"]
[Site "Metz"]
[Date "1996.??.??"]
[Round "?"]
[White "Rotman, Daniel"]
[Black "Sutovskij, Emil"]
[Result "1/2-1/2"]
[WhiteElo "2305"]
[BlackElo "2545"]

1.e4 c5 2.Nf3 Nc6 3.Nc3 e5 4.Bc4 Be7 5.d3 Nf6 6.Nd2 d6 7.Nf1 Bg4 8.f3 Be6
9.Ne3 O-O 10.O-O a6 11.a3 b5 12.Ba2 Nd7 13.Ncd5 Bg5 14.g3 Bxe3+ 15.Bxe3 Nb6
16.Nxb6 Qxb6 17.Bxe6 fxe6 18.b4 Ne7 19.Qd2 Rac8 20.bxc5 dxc5 21.Qc3 Qd6 22.a4 c4
23.axb5 axb5 24.Ra5 Rfd8 25.Rxb5 cxd3 26.Qxd3 Qxd3 27.cxd3 Rxd3 28.Bg5 Ng6
29.h4 h6 30.h5 Nh8 31.Be7 Nf7 32.Kg2 Rc7 33.Bh4 Kh7 34.Rf2 Rd1 35.Ra5  1/2-1/2

[Event "Minsk"]
[Site "Minsk"]
[Date "1996.??.??"]
[Round "2"]
[White "Fedorov, Alexei"]
[Black "Lyrberg, Patrik"]
[Result "1/2-1/2"]
[WhiteElo "2540"]
[BlackElo "2425"]

1.e4 c5 2.Nf3 Nc6 3.Nc3 d6 4.d4 cxd4 5.Nxd4 e6 6.Be3 a6 7.g4 Bd7 8.Qe2 Rc8
9.Bg2 Ne5 10.Rd1 Nc4 11.Bc1 Qb6 12.Nb3 g6 13.O-O Bg7 14.Rd3 Ne7 15.Kh1 Ne5
16.Rg3 Rxc3 17.bxc3 Bb5 18.Qe1 Bxf1 19.Qxf1 O-O 20.f4 Nd7 21.f5 Be5 22.Rf3 Nf6
23.fxe6 Nxg4 24.exf7+ Kg7 25.Nd4 Bxd4 26.cxd4 Qxd4 27.Bg5 Qe5 28.Bf4 Qc5
29.Qa1+ Ne5 30.Bg5 Rxf7 31.Rxf7+ Kxf7 32.Qf1+ Ke8 33.Qf6 N5c6 34.Qh8+ Kd7
35.h4 Qxc2 36.Qxh7 Qb1+ 37.Kh2 Qxa2 38.Qg7 Qc2 39.Kg3 Qb3+ 40.Kh2 Qa2 41.Kg3 Qg8
42.Qc3 Qf7 43.Bf4 a5 44.Bf1 Nc8 45.Bc4 Qe7 46.Bd5 Nb6 47.Bxc6+ bxc6 48.Qxa5 Nc8
49.Qb4 Ke8 50.Qc4 Kd7 51.Qb4 Kc7 52.Qa5+ Kb7 53.Qb4+ Kc7 54.Qa5+ Kd7 55.Qb4 Kc7
56.Qa5+ Kd7  1/2-1/2

[Event "Minsk op"]
[Site "Minsk"]
[Date "1996.??.??"]
[Round "2"]
[White "Balashov, A."]
[Black "Polishchuk, N."]
[Result "0-1"]
[WhiteElo "2560"]
[BlackElo "2560"]

1.e4 c5 2.Nf3 Nc6 3.Nc3 d6 4.d4 cxd4 5.Nxd4 e5 6.Nb3 Be7 7.Be2 Nf6 8.Be3 O-O
9.Qd2 Be6 10.O-O Rc8 11.Kh1 a6 12.a4 Nb4 13.Rac1 d5 14.exd5 Nfxd5 15.Bf3 Nxe3
16.Qxe3 Bg5  0-1

[Event "Minsk op"]
[Site "Minsk"]
[Date "1996.??.??"]
[Round "3"]
[White "Balashov, Yuri S"]
[Black "Shishkin, Vadim"]
[Result "1-0"]
[WhiteElo "2480"]
[BlackElo "2425"]

1.e4 c5 2.Nc3 Nc6 3.Bb5 g6 4.Bxc6 bxc6 5.d3 Bg7 6.Nge2 d6 7.h3 Rb8 8.O-O f5
9.Rb1 fxe4 10.Nxe4 Nf6 11.Nxf6+ Bxf6 12.b3 O-O 13.Bh6 Rf7 14.Qd2 Qb6 15.Ng3 Qb4
16.Ne4 Qxd2 17.Nxf6+ Rxf6 18.Bxd2 Re6 19.Rfe1 Kf7 20.f3 Rb6 21.Kf2 Ra6 22.Ra1 Rxe1
23.Kxe1 Be6 24.Be3 Rb6 25.Kd2 Ke8 26.Kc3 Rb8 27.Re1 Bd5 28.Bg5 Rb7 29.Kb2 Kf7
30.Ka3 Be6 31.Re4 h5 32.Ra4 Bc8 33.Kb2 Be6 34.Kc3 Kg7 35.a3 Bc8 36.Be3 Kf7
37.b4 e5 38.Kd2 Ke6 39.bxc5 d5 40.Bg5 Rf7 41.f4 d4 42.h4 Kd5 43.fxe5 Kxe5
44.g3 Kd5 45.Bf4 a6 46.Rc4 Rb7 47.Kc1 a5 48.Ra4 Ra7 49.Bg5 Kxc5 50.Bf6 Kb5
51.Rxd4 Rd7 52.Re4 Rd6 53.a4+ Ka6 54.Bg5 Bf5 55.Re8 Kb7 56.Kb2 Bd7 57.Re7 c5
58.Bf4 Rb6+ 59.Kc3 Kc8 60.Be3 Bxa4 61.Bxc5 Rf6 62.Ra7 Rf3 63.Rxa5 Bc6 64.Bd6 Rf2
65.Bf4 Rg2 66.Rc5 Kd7 67.Kd4 Ba4 68.c4  1-0

[Event "Minsk op"]
[Site "Minsk"]
[Date "1996.??.??"]
[Round "7"]
[White "Balashov, Yuri S"]
[Black "Kozel, Roman"]
[Result "1/2-1/2"]
[WhiteElo "2480"]
[BlackElo "2365"]

1.e4 c5 2.Nc3 Nc6 3.Bb5 Nd4 4.Nf3 Nxb5 5.Nxb5 a6 6.Nc3 d6 7.d4 Bg4 8.Be3 e6
9.dxc5 dxc5 10.Qxd8+ Rxd8 11.Ne5 Bh5 12.a4 Nf6 13.a5 Ng4 14.Nxg4 Bxg4 15.f3 Bh5
16.Na4 Rc8 17.O-O-O Be7 18.Nb6 Rc6 19.Nc4 f6 20.e5 fxe5 21.Nxe5 Rd6 22.Rxd6 Bxd6
23.Nc4 Be7 24.Rd1 Bg6 25.Bf4 O-O 26.Bd6 Bg5+ 27.Kb1 Rd8 28.Re1 Bd2 29.Nxd2 Rxd6
30.Nc4 Rd4 31.b3 Kf8 32.Kc1 Ke7 33.Re3 Be8 34.Rc3 Rd5 35.Ne3 Rh5 36.h3 Bb5
37.Kd2 Kd6 38.Ke1 Rh4 39.Ng4 Rh5 40.Re3 Rf5 41.c4 Bc6 42.Ke2 h5 43.Nf2 Rf6
44.Nd3 g5 45.g3 Rf5 46.Nf2 Rf8 47.Nd3 Rf5 48.Nf2  1/2-1/2

[Event "Minsk op"]
[Site "Minsk"]
[Date "1996.??.??"]
[Round "7"]
[White "Frolov, Denis"]
[Black "Paramonov, Dimitriy"]
[Result "1-0"]
[WhiteElo "2560"]
[BlackElo "2560"]

1.e4 c5 2.Nf3 Nc6 3.Nc3 d6 4.d4 cxd4 5.Nxd4 Nf6 6.Bc4 e6 7.Be3 Be7 8.Qe2 a6
9.O-O-O Qc7 10.Bb3 O-O 11.g4 b5 12.g5 Nd7 13.Nd5 exd5 14.Nxc6 Ne5 15.Nxe5 dxe5
16.Bxd5 Rb8 17.h4 Kh8 18.h5 a5 19.g6 f5 20.h6  1-0

[Event "Minsk op"]
[Site "Minsk"]
[Date "1996.??.??"]
[Round "9"]
[White "Balashov, Yuri S"]
[Black "Drogoon, A."]
[Result "0-1"]
[WhiteElo "2480"]
[BlackElo "2370"]

1.e4 c5 2.Nc3 Nc6 3.Nf3 e6 4.Be2 Nf6 5.O-O d6 6.d4 cxd4 7.Nxd4 Be7 8.Be3 O-O
9.f4 Qc7 10.Qe1 a6 11.a4 Bd7 12.Qg3 Rac8 13.Kh1 Kh8 14.Rad1 e5 15.Nf5 Bxf5
16.exf5 Nb4 17.Rd2 Qa5 18.Qh3 Rxc3 19.bxc3 Nbd5 20.c4 Nxf4 21.Bxf4 exf4 22.Rd4 Qxa4
23.Qb3 Qd7 24.Rdxf4 Qc7 25.Bf3 b6 26.Bd5 Kg8 27.Qa4 a5 28.Qc6 Rc8 29.Qxc7 Rxc7
30.Rb1 Nd7 31.g3 Bf6 32.Re4 Kf8 33.Re3 Bd4 34.Re4 Be5 35.Re2 Ke7 36.Kg2 Kf6
37.h4 h5 38.Rb3 Bd4 39.c3 Bc5 40.Rb1 Ne5 41.Rf1 a4 42.Ra2 a3 43.Kh3 Re7 44.Re2 Ra7
45.Be4 Ra4 46.Bb1 Rxc4 47.Rc1 Ng4 48.Ba2 Re4 49.Rxe4 Nf2+ 50.Kg2 Nxe4 51.Kf3 Nf2
52.Rf1 Ng4 53.Ke4 Bf2 54.Kf4 Be3+ 55.Ke4 Bc5 56.Rf3 Nf2+ 57.Kd5 Nd1 58.Ke4 b5
59.Kd5 b4 60.cxb4 Bxb4 61.Kc4 Bc5 62.Kd3 Nf2+ 63.Ke2 Ne4 64.Kd3 Nf2+ 65.Kc2 Ng4
66.Kc3 Ne3 67.Kd3 Nxf5 68.Bxf7 Ke5 69.Ba2 d5 70.Kc3 g6 71.Bb1 Bd4+ 72.Kb3 Bb2
73.Ka2 d4 74.Kb3 Ne7 75.Rf1 Nf5 76.Rf3 Ke6 77.Bd3 Bc1 78.Rf1 Bb2 79.Rf3 Ke5
80.Rf1 Nxg3 81.Rd1 Kf4 82.Bxg6 Ne2 83.Re1  0-1

[Event "Minsk"]
[Site "Minsk"]
[Date "1996.??.??"]
[Round "11"]
[White "Fedorov, Alexei"]
[Black "Kruppa, Yuri"]
[Result "1/2-1/2"]
[WhiteElo "2540"]
[BlackElo "2580"]

1.e4 c5 2.Nf3 Nc6 3.Nc3 d6 4.d4 cxd4 5.Nxd4 Nf6 6.Bc4 Bd7 7.O-O e6 8.Be3 a6
9.f4 Na5 10.Bd3 Qc7 11.Qf3 Be7 12.Rae1 Nc6 13.Kh1 Nxd4 14.Bxd4 Bc6 15.Qg3 O-O
16.e5 Nh5 17.Qh3 g6 18.f5 exf5 19.Rxf5 Ng7 20.Qh6 Nxf5 21.Bxf5 f6 22.Bxg6 Bd8
23.e6 Qg7 24.Qxg7+ Kxg7 25.Bf5 Be7 26.Re3 Rg8 27.Kg1 Kf8 28.g4 h5 29.h3 Rc8
30.Ne2 hxg4 31.hxg4 Be8 32.c3 Bg6 33.Kf2 Bxf5 34.gxf5 Rg5 35.Rf3 Kg7 36.Rg3 Rxg3
37.Nxg3 d5 38.Nh5+ Kh6 39.Nxf6 Bxf6 40.Bxf6 Rf8 41.e7 Re8 42.Kf3 Kh7 43.Kf4 Kg8
44.Ke5 Kf7 45.a4 a5 46.Bg5 Rg8 47.Be3 Kxe7 48.Bb6 Rg2 49.b3 Rb2 50.Bxa5 Rxb3
51.Bb4+ Kf7 52.Kxd5 Rb1 53.a5 Rd1+ 54.Kc5 Kf6 55.Kb6 Rd7 56.Bc5  1/2-1/2

[Event "Mondariz op"]
[Site "Mondariz"]
[Date "1996.??.??"]
[Round "?"]
[White "Romero, Antonio"]
[Black "Campos, Jose Felix"]
[Result "1/2-1/2"]
[WhiteElo "2430"]
[BlackElo "2485"]

1.e4 c5 2.Nc3 Nc6 3.Nf3 d6 4.d4 cxd4 5.Nxd4 Nf6 6.Bg5 e6 7.Qd2 a6 8.O-O-O Bd7
9.f3 Rc8 10.g4 h6 11.Be3 Ne5 12.Kb1 b5 13.Qe1 b4 14.Nce2 Nc4 15.Bc1 Qc7 16.Ng3 e5
17.Ndf5 Be6 18.Bd3 a5 19.b3 g6 20.Bxc4 Bxc4 21.bxc4 gxf5 22.Nxf5 Qxc4 23.Qd2 Rc6
24.Bb2 Nd7 25.f4 f6 26.fxe5 fxe5 27.Ne3 Qxe4 28.Nd5 Be7  1/2-1/2

[Event "Mondariz op"]
[Site "Mondariz"]
[Date "1996.??.??"]
[Round "?"]
[White "Paramos Dominguez, Roberto"]
[Black "Gonzalez Garcia, Jose"]
[Result "1-0"]
[WhiteElo "2410"]
[BlackElo "2105"]

1.e4 c5 2.Nf3 Nc6 3.Nc3 e5 4.Bc4 Be7 5.d3 Nf6 6.Bg5 O-O 7.Bxf6 Bxf6 8.h4 d6
9.Nd2 Be6 10.Nf1 a6 11.Ne3 Nd4 12.Ncd5 b5 13.Bb3 g6 14.g3 Bg7 15.h5 Bf6 16.c3 Nxb3
17.axb3 Bg5 18.f4 exf4 19.gxf4 Bh4+ 20.Kd2 Bxd5 21.Nxd5 f5 22.hxg6 hxg6 23.Rg1 Kh7
24.exf5 Rxf5 25.Qg4 Bg5 26.fxg5 Rxd5 27.Qh3+ Kg8 28.Qe6+  1-0

[Event "Maitrise op"]
[Site "Montreal"]
[Date "1996.??.??"]
[Round "6"]
[White "Girard, Robin"]
[Black "Prahov, Valentin"]
[Result "1-0"]
[WhiteElo "2300"]
[BlackElo "2145"]

1.e4 c5 2.Nc3 Nc6 3.Nge2 g6 4.d4 cxd4 5.Nxd4 Bg7 6.Be3 Nf6 7.Nb3 O-O 8.Be2 a5
9.a4 d6 10.O-O Ne5 11.f4 Neg4 12.Bd4 e5 13.fxe5 Nxe5 14.Qe1 Nc6 15.Be3 Ng4
16.Bxg4 Bxg4 17.Nd5 Bxb2 18.c3 Bxa1 19.Nf6+ Kg7 20.Nxg4 Bb2 21.Bh6+ Kh8 22.Nf6 Rg8
23.Qe3 Qe7 24.Bg5 Qe6 25.Nd5 h5 26.Rf6 Qe8 27.Rxd6 Ba3 28.Bf6+ Kh7 29.Bd4 Nxd4
30.Nf6+ Kg7 31.Nxe8+ Rgxe8 32.Qxd4+ Kg8 33.Rd7 Rac8 34.Qd5 Rf8 35.c4 b6 36.e5 Rce8
37.c5 bxc5 38.Nxc5 Rc8 39.Nd3 Rce8 40.Nf4 Kg7  1-0

[Event "Moravia-ch op"]
[Site "Moravia"]
[Date "1996.??.??"]
[Round "?"]
[White "Vyskocil, Neklan"]
[Black "Michenka, Jozef"]
[Result "1/2-1/2"]
[WhiteElo "2260"]
[BlackElo "2380"]

1.e4 c5 2.Nf3 Nc6 3.Nc3 g6 4.Bb5 Bg7 5.O-O e5 6.d3 Nge7 7.Be3 Nd4 8.Bc4 d6
9.a4 O-O 10.Nd5 h6 11.c3 Nxf3+ 12.Qxf3 Nc6 13.Qe2 Kh7 14.b4 f5 15.f3 cxb4
16.cxb4 Nd4 17.Bxd4 exd4 18.Rac1 Bd7 19.Bb3 fxe4 20.fxe4 Qg5 21.Rxf8 Rxf8
22.Rf1 Bg4 23.Qe1 Bh3 24.Qe2 Bxg2 25.Qxg2 Rxf1+ 26.Kxf1 Qc1+ 27.Kf2 Qb2+
28.Kg1 Qxb3 29.a5 Qxd3 30.Qxg6+ Kxg6 31.Nf4+ Kf7 32.Nxd3 Ke6 33.Kf2 Kd7 34.b5 Bf6
35.Nc1 a6 36.bxa6 bxa6 37.Nb3 Kc6 38.Ke2 d5 39.Kd3 dxe4+ 40.Kxe4 Kb5 41.Kd3 Kb4
42.Nxd4 Kxa5 43.Ne6 Kb6 44.Kc4 Kc6 45.Nc5 a5 46.Nb3 a4 47.Na5+ Kb6 48.Kb4 Bc3+
49.Kxc3 Kxa5 50.Kc4 h5 51.h4 Kb6 52.Kb4  1/2-1/2

[Event "Moravia-ch op"]
[Site "Moravia"]
[Date "1996.??.??"]
[Round "?"]
[White "Biolek, Richard"]
[Black "Klima, Lukas"]
[Result "1/2-1/2"]
[WhiteElo "2395"]
[BlackElo "2215"]

1.e4 c5 2.Nc3 Nc6 3.Nf3 g6 4.Bb5 Bg7 5.O-O d6 6.Re1 Bd7 7.d3 a6 8.Bxc6 Bxc6
9.e5 dxe5 10.Nxe5 Rc8 11.Bf4 Nf6 12.Qe2 Bd5 13.Nxd5 Nxd5 14.Bd2 O-O 15.Ng4 e6
16.c4 Nb4 17.Bxb4 cxb4 18.Rad1 Qd4 19.b3 h5 20.Ne5 b5 21.h3 Bxe5 22.Qxe5 Qxe5
23.Rxe5 Rfd8 24.cxb5 axb5 25.Rxb5 Rc2 26.Rxb4  1/2-1/2

[Event "Moscow-D"]
[Site "Moscow"]
[Date "1996.??.??"]
[Round "?"]
[White "Gelman, Alexander"]
[Black "Kochetkov, German"]
[Result "0-1"]
[WhiteElo "2390"]
[BlackElo "2385"]

1.e4 c5 2.Nc3 Nc6 3.Nf3 e5 4.Bc4 Be7 5.d3 Nf6 6.Nd2 Na5 7.Nf1 O-O 8.Ne3 d6
9.O-O a6 10.a4 Nxc4 11.dxc4 Be6 12.Qd3 g6 13.Ned5 Nxd5 14.cxd5 Bc8 15.f4 exf4
16.Bxf4 Bg5 17.Qd2 Bxf4 18.Rxf4 Bd7 19.Raf1 f6 20.Nd1 Bxa4 21.Qc3 Bb5 22.R1f2 Qe7
23.Qg3 Rae8 24.h4 Kh8 25.Ne3 Bd7 26.Qf3 Kg7 27.Nc4 b5 28.Nb6 Rd8 29.Qc3 Be8
30.b4 Qe5 31.Qa3 cxb4 32.Qxa6 Qe7 33.Nc8 Qc7 34.Na7 Ra8 35.Nxb5 Qb8 36.Qxd6 Bxb5
37.Qxb4 Ra1+ 38.Kh2 Ra4 39.Qb2 Rxe4 40.g3 Rxf4 41.Rxf4 Bd7 42.Qd4 Qe5 43.c4 Qxd4
44.Rxd4 Rc8 45.g4 Kf7 46.Re4 Ba4 47.d6 Re8 48.Rd4 Bd7 49.Kg3 Re5 50.Kf4 Ke6
51.g5 fxg5+ 52.hxg5 Rf5+  0-1

[Event "Moscow IM6"]
[Site "Moscow"]
[Date "1996.??.??"]
[Round "?"]
[White "Gersov, Evgeny"]
[Black "Lopushnoy, Denis"]
[Result "0-1"]
[WhiteElo "2190"]
[BlackElo "2210"]

1.e4 c5 2.Nc3 Nc6 3.Nf3 g6 4.Bb5 Nd4 5.Bc4 Bg7 6.d3 d6 7.Nxd4 cxd4 8.Ne2 Qb6
9.O-O Nf6 10.c3 dxc3 11.bxc3 O-O 12.Be3 Qc7 13.Bb3 b6 14.h3 Ba6 15.Rc1 e6
16.f4 d5 17.e5 Nd7 18.d4 f5 19.g4 Bc4 20.Rf2 b5 21.Ng3 Rf7 22.gxf5 gxf5 23.Rg2 Kh8
24.Qh5 Nb6 25.Kh2 Rg8 26.Rcg1 Bxb3 27.axb3 Bf8 28.Qf3 Rfg7 29.Bf2 Qf7 30.Qd3 Qe8
31.Ra1 Re7 32.Be1 Reg7 33.Ra5 h5 34.Raa2 h4 35.Nf1 Rxg2+ 36.Rxg2 Rxg2+ 37.Kxg2 Be7
38.Nd2 a5 39.Nf3 a4 40.bxa4 bxa4 41.Qa6 Nc4 42.Nd2 Qg6+ 43.Kf1 Ne3+ 44.Ke2 Ng2
45.Qxa4 Nxf4+ 46.Kd1 Nd3 47.Ke2 Nf4+ 48.Kd1 Kg8 49.c4 dxc4 50.Qxc4 Qg2 51.Qf1 Qxf1
52.Nxf1 Nxh3 53.Ke2 Nf4+ 54.Kf3 Ng6 55.Bd2 Kf7 56.Be3 Ke8 57.Bf2 Bg5 58.Nh2 Kd7
59.Nf1 Kc6 60.Nh2 Kd5 61.Nf1 Ne7 62.Nh2 Nc6 63.Kg2 Ke4 64.Kh3 Bd8 65.Bxh4 Bxh4
66.Kxh4 Nxd4 67.Kg3 Kxe5 68.Kf2 Ke4 69.Nf1 f4 70.Nh2 Kf5 71.Nf1 Nb3 72.Nh2 e5
73.Nf3 e4 74.Ne1 Nd4 75.Ng2 Kg4 76.Ne1 e3+ 77.Kf1 f3  0-1

[Event "Moscow GM1"]
[Site "Moscow"]
[Date "1996.??.??"]
[Round "?"]
[White "Drozdov, Igor"]
[Black "Iskusnyh, Sergei"]
[Result "1/2-1/2"]
[WhiteElo "2455"]
[BlackElo "2460"]

1.e4 c5 2.Nf3 Nc6 3.Nc3 e5 4.Bc4 d6 5.d3 Be7 6.O-O Nf6 7.Ng5 O-O 8.f4 exf4
9.Bxf4 h6 10.Nf3 Be6 11.Qd2 d5 12.exd5 Nxd5 13.Bxd5 Bxd5 14.Rae1 Bf6 15.Kh1 Qd7
16.Be5 Bxe5 17.Nxe5 Qd6 18.Ng4 f5 19.Nxh6+ gxh6 20.Nxd5 Qxd5 21.Qxh6 Rf7
22.Qg6+ Rg7 23.Re8+ Rxe8 24.Qxe8+ Kh7 25.Qh5+ Kg8  1/2-1/2

[Event "Moscow GM1"]
[Site "Moscow"]
[Date "1996.??.??"]
[Round "?"]
[White "Samoliuk, Igor"]
[Black "Iskusnyh, Sergei"]
[Result "1-0"]
[WhiteElo "2285"]
[BlackElo "2460"]

1.e4 c5 2.Nf3 Nc6 3.Nc3 e5 4.Bc4 d6 5.d3 Be7 6.O-O Nf6 7.Bg5 Bg4 8.h3 Bh5
9.Bxf6 Bxf6 10.Nd5 Be7 11.c3 Qd7 12.a3 O-O 13.Nxe5 dxe5 14.Qxh5 Bd6 15.Rae1 Rae8
16.Re3 Kh8 17.g4 Nd8 18.f4 b5 19.Ba2 c4 20.d4 exd4 21.cxd4 Ne6 22.Bb1 Be7
23.f5 Nxd4 24.f6 Bc5 25.fxg7+ Kxg7 26.Nf6 Nf3+ 27.Kh1 Kxf6 28.Rexf3+ Kg7
29.Qxc5 Re6 30.Qf5 Qd2 31.e5 Rh6 32.e6 f6 33.e7 Rg8 34.Be4 Qe2 35.g5 Rg6
36.Qxg6+ hxg6 37.gxf6+ Kh8 38.f7 Qxe4 39.f8=Q  1-0

[Event "Moscow GM1"]
[Site "Moscow"]
[Date "1996.??.??"]
[Round "?"]
[White "Samoliuk, Igor"]
[Black "Belikov, Vladimir"]
[Result "0-1"]
[WhiteElo "2285"]
[BlackElo "2500"]

1.e4 c5 2.Nf3 Nc6 3.Nc3 d6 4.d4 cxd4 5.Nxd4 Nf6 6.Be2 e5 7.Nb3 Be7 8.O-O O-O
9.f4 a5 10.a4 Qb6+ 11.Kh1 Nb4 12.Nd2 exf4 13.Nc4 Qc6 14.Rxf4 Be6 15.Ne3 Rad8
16.Bb5 Qc5 17.Nf5 Bxf5 18.Rxf5 Nxe4 19.Qf1 Qd4 20.Be3 Qxe3 21.Re1 Ng3+ 22.hxg3 Qh6+
23.Kg1 Bg5 24.Qf2 d5 25.Nd1 g6 26.Rf3 Nc6 27.Qb6 Rde8 28.Ref1 Re7 29.Bxc6 bxc6
30.Qxc6 d4 31.Qd5 Be3+ 32.Nxe3 dxe3 33.Re1 Rfe8 34.Re2 Qg7 35.Qb3 Qd4 36.Rf1 h5
37.Qb5 Re5 38.Qb3 R8e7 39.c3 Qd3 40.Qd1 Qc4 41.Qd4 Qxe2  0-1